000 00484nam a2200181Ia 4500
001 14299
005 20260306164904.0
008 260306t2004||||xx |||||||||||||| ||spa||
041 _aESP
082 _a511.3
_bG81 2004
100 _aGrimaldi Ralph P.
_eAUT
245 0 _aDiscrete and combinatorial mathematics:
_ban applied introduction
260 _c2004
300 _axix, 833 páginas :, A32, S91, I24
_c26 cm.
650 _aGEN
654 _aCMA
942 _cLIB
_dJUS
_fJUS
_2ddc
_n
999 _c14299
_d14299